000 00432cam a22001337a 4500
008 180718b1980 xxu||||| |||| 00| 0 eng d
082 _aAPPPA 79-80 TRI
100 _aTrikha, A.K.
245 _aFormulation and sanction of telecommunication project
_cby A.K. Trikha
260 _aNew Delhi
_bIndian Institute of Public Administration
_c1980
300 _a111p.
650 _aSanction-Telecommunication project
650 _aFormulation
999 _c501099
_d501099